Quiz o Senegalu - Statystyki

Ogólne statystyki
  • Ten quiz został rozwiązany 787 razy
  • Średni wynik to 11 z 17
Statystyki odpowiedzi
Wskazówka Odpowiedź % Poprawnych
Stolica Dakar
93%
Państwa graniczące Gambia
91%
Bordering countries Gwinea
91%
Państwa graniczące Mali
91%
Państwa graniczące Mauretania
90%
Język urzędowy francuski
87%
Państwa graniczące Gwinea Bissau
87%
Powyższe jest miastem najbardziej wysuniętym na _____ na kontynencie afro-euroazjatyckim Zachód
75%
Senegalski piłkarz, który prowadził w Premier League pod względem strzelonych golów grając z Liverpoolem w latach 2018–19 Sadio Mané
68%
Zwierzę narodowe Lew
58%
Najdłuższa rzeka Senegal
50%
Półpustynna strefa na południe od Sahary, obejmująca większość Senegalu Sahel
48%
Wyspa Gorée była rzekomo centrum handlu transatlantyckiego _____ Niewolnikami
42%
Rodzaj zwierzęcia, które zabiło 25 rybaków w ciągu dziesięciu lat na powyższej rzece Hipopotam nilowy
40%
Kolonialna stolica Senegalutą samą nazwę ma miasto w Missouri Saint Louis
26%
Rośliny strączkowe, niedokładnie nazywane orzechami,stanowią 3% eksportu Fistaszki
25%
Największa grupa etnicznawskazówka: zaczyna się na W Wolof
24%
Nie znaleziono quizów pasujących do podanych kryteriów
Rozkład punktacji
Procent ludzi z każdym wynikiem
Percentyl według liczby udzielonych odpowiedzi
Twoja historia wyników
Nie rozwiązałeś tego quizu